000
00337nam a2200133Ia 4500
008
240624s9999 xx 000 0 und d
041
_a
eng
082
_a
808.066 BAS
100
_a
BASU B N
245
_a
TECHNICAL WRITING
260
_c
2008
_a
New Delhi
_b
Prentice-Hall of India
300
_a
xvi, : 151 : p. : cm. ; 24
365
_c
RS
_b
36
999
_c
10388
_d
10388